Länder an angrenzenden Ländern erkennen - Statistiken

Allgemein
  • Dieses Quiz wurde 292 mal gespielt
  • Das Durchschnittsergebnis liegt bei 13 aus 15
Antwortstatistiken
Angrenzende Länder Gesuchtes Land % Korrekt
Niederlande, Luxemburg Belgien, Deutschland
98%
Bolivien, Paraguay Argentinien, Brasilien
97%
Italien, Kroatien Slowenien
96%
Deutschland, Russland Polen
95%
Kanada, Mexiko Vereinigte Staaten
94%
Mongolei, China Russland
91%
Myanmar, Indien Bangladesch, China
89%
Spanien, Algerien Marokko
87%
Peru, Kolumbien Ecuador
85%
Bosnien, Rumänien Serbien
85%
Ägypten, Eritrea Sudan
85%
Türkei, Libanon Syrien
83%
Thailand, Brunei Malaysia
72%
Nigeria, Togo Benin
70%
Mosambik, Tansania Malawi, Sambia
68%
Keine übereinstimmenden Quizze gefunden
Verteilung der Resultate
Anzahl Personen mit jedem Resultat
Perzentil nach korrekt beantworteten Fragen
Ihre Resultats-Entwicklung
Sie haben dieses Quiz noch nicht gespielt